| 000 | 00570cam a2200193 a 4500 | ||
|---|---|---|---|
| 020 | _a0256105669 | ||
| 040 | _cDLC | ||
| 082 | 0 | 0 | _a658 LRW 1996 A045 Or. |
| 100 | 1 | _aHollander, Anita Sawyer. | |
| 245 | 1 | 0 | _aAccounting, information technology, and business solutions / |
| 260 |
_aChicago : _bIrwin, _cc1996. |
||
| 300 |
_axi, 544 p. : _bill. ; _c25 cm. |
||
| 650 | 0 | _aManagerial accounting. | |
| 650 | 0 | _aInformation technology. | |
| 650 | 0 | _aInformation storage and retrieval systems | |
| 700 | 1 | _aDenna, Eric L. | |
| 700 | 1 | _aCherrington, J. Owen. | |
| 942 | _cEK | ||
| 999 |
_c13249 _d13249 |
||